10 Smallest U.S. National Parks - Statistics

General Stats
  • This quiz has been taken 8 times
  • The average score is 6 of 10
Answer Stats
Acres Answer % Correct
192.8 Gateway Arch
100%
26,692.6 Congaree
75%
32,571.9 Cuyahoga Valley
63%
5,554.2 Hot Springs
63%
15,349.1 Indiana Dunes
63%
8,256.7 American Samoa
50%
30,779.8 Black Canyon of the Gunnison
50%
26,685.7 Pinnacles
50%
15,052.3 Virgin Islands
50%
33,489 Haleakala
13%
No matching quizzes found
Score Distribution
Percent of People with Each Score
Percentile by Number Answered
Your Score History
You have not taken this quiz